| 000 | 00824pam a2200265 a 4500 | ||
|---|---|---|---|
| 001 | 26503 | ||
| 003 | BD-RjUL | ||
| 005 | 20211209051027.0 | ||
| 008 | 140322s1987 coua b 001 0 eng | ||
| 020 | _a0813301254 (alk. paper) : | ||
| 035 | _a(BD-RjUL)26573 | ||
| 040 |
_aDLC _cDLC _dDLC _beng |
||
| 041 | _aeng | ||
| 082 | 0 | 0 |
_a953.53 _219 _bALO 1987 |
| 100 | 1 |
_aAllen, Calvin H. _981515 |
|
| 245 | 1 | 0 |
_aOman : _bthe modernization of the sultanate / _cCalvin H. Allen, Jr. |
| 260 |
_aBoulder, Colo. : _bWestview Press ; _aLondon, England : _bCroom Helm, _c1987. |
||
| 300 |
_axiii, 154 p. : _bill. ; _c24 cm. |
||
| 504 | _aIncludes index. | ||
| 651 | 0 |
_aOman. _981517 |
|
| 942 |
_2ddc _cBK _01 |
||
| 999 |
_c26503 _d26503 |
||